Sample survey methods and theory (Record no. 19701)
[ view plain ]
| 000 -LEADER | |
|---|---|
| fixed length control field | 00553nam a2200193Ia 4500 |
| 082 ## - DEWEY DECIMAL CLASSIFICATION NUMBER | |
| Classification number | 519.5201 HAN-; |
| 100 ## - MAIN ENTRY--AUTHOR NAME | |
| Personal name | Hansen, Mooris H. |
| 245 #0 - TITLE STATEMENT | |
| Title | Sample survey methods and theory |
| 250 ## - EDITION STATEMENT | |
| Edition statement | 7th |
| 260 ## - PUBLICATION, DISTRIBUTION, ETC. (IMPRINT) | |
| Place of publication | New York |
| Name of publisher | John Wiley |
| Year of publication | 1953 |
| 500 ## - GENERAL NOTE | |
| General note | Contents: Vol.1. Methods and applications |
| 504 ## - BIBLIOGRAPHY, ETC. NOTE | |
| Bibliography, etc | Includes index |
| 650 ## - SUBJECT ADDED ENTRY--TOPICAL TERM | |
| Topical Term | Sampling (Statistics) - Philosophy |
| 650 ## - SUBJECT ADDED ENTRY--TOPICAL TERM | |
| Topical Term | Mathematical statistics |
| 650 ## - SUBJECT ADDED ENTRY--TOPICAL TERM | |
| Topical Term | Sampling (Statistics) - Methodology |
| 700 ## - ADDED ENTRY--PERSONAL NAME | |
| Personal name | Madow, William G. |
| 700 ## - ADDED ENTRY--PERSONAL NAME | |
| Personal name | Hurwitz, William N. |
| 942 ## - ADDED ENTRY ELEMENTS (KOHA) | |
| Koha item type | Books |
| Withdrawn status | Lost status | Damaged status | Not for loan | Home library | Current library | Date acquired | Full call number | Accession Number | Price effective from | Koha item type |
|---|---|---|---|---|---|---|---|---|---|---|
| NASSDOC Library | NASSDOC Library | 08/06/2004 | 519.5201 HAN-; | 344 | 18/04/2019 | Books |
